World Cities by Letter G - Picture Quiz - Statistics

General Stats
  • This quiz has been taken 159 times
  • The average score is 6 of 18
Answer Stats
Picture Answer % Correct
Giza
95%
Gdansk
48%
Geneva
48%
Glasgow
48%
Gothenburg
48%
Guangzhou
44%
Guatemala City
44%
Green Bay
43%
Georgetown
37%
Genoa
30%
Guadalajara
24%
Grenoble
19%
Graz
17%
Guayaquil
17%
Groningen
13%
Gaza
11%
Greensboro
11%
Guiyang
5%
No matching quizzes found
Score Distribution
Percent of People with Each Score
Percentile by Number Answered
Your Score History
You have not taken this quiz